Massanet : obra 1926-1968 : Museu Monogràfic d'Empúries, l'Escala, juny-juliol-agost 1978 obra 1926-1968 :
Publicado:
Barcelona :
Patronat de les excavacions i Museu d'Empúries. Institut de Prehistòria i Arqueologia, dl 1978
Descripción Física:
[19] p. : il. ; 23 cm
MARC
| LEADER | 00000nam a2200000Ia 4500 | ||
|---|---|---|---|
| 001 | 8822 | ||
| 008 | 160829s9999 xx 000 0 cat d | ||
| 080 | |a FU-9-32 | ||
| 100 | |a Massanet Juli, Joan |9 35177 | ||
| 245 | |a Massanet : |b obra 1926-1968 : |b Museu Monogràfic d'Empúries, l'Escala, juny-juliol-agost 1978 | ||
| 260 | |a Barcelona : |b Patronat de les excavacions i Museu d'Empúries. Institut de Prehistòria i Arqueologia, dl 1978 | ||
| 300 | |a [19] p. : |b il. ; |c 23 cm | ||
| 590 | |a Catàleg de l'exposició | ||
| 650 | |a Massanet Juli, Joan |x Exposicions |9 35178 | ||
| 650 | 0 | |a Museu Monogràfic d'Empúries (Escala) |9 33400 | |
| 710 | 2 | |a Institut de Prehistòria i Arqueologia (Barcelona, Catalunya) |9 52785 | |
| 901 | |a Arxiu | ||
| 942 | |n 1 | ||
| 952 | |0 0 |1 0 |4 0 |6 FU932 |7 1 |9 46799 |a Arxiu |b Arxiu |d 2016-12-01 |l 0 |o FU-9-32 |p 8822 |r 2016-12-01 00:00:00 |w 2016-12-01 |y ARXIU | ||
| 999 | |c 50592 |d 50592 | ||